Comunicación social e integración europea : V Semana Internacional de Ciencias Sociales V Semana Internacional de Ciencias Sociales
Publicado:
Barcelona :
Diputación Provincial de Barcelona. Instituto de Ciencias Sociales. Sección de Prensa, Información y Ediciones ,
1968
Descripción Física:
452 p. ; 24 cm
Colección:
Colección de Ciencias Sociales ; 10
MARC
| LEADER | 00000nam a2200000Ia 4500 | ||
|---|---|---|---|
| 001 | 2272 | ||
| 008 | 160829s1968 xx 000 0 cat d | ||
| 080 | |a C-1-272 | ||
| 100 | |a Semana Internacional de Ciencias Sociales (5a : 1968 : Barcelona) |9 33187 | ||
| 245 | |a Comunicación social e integración europea : |b V Semana Internacional de Ciencias Sociales | ||
| 260 | |a Barcelona : |b Diputación Provincial de Barcelona. Instituto de Ciencias Sociales. Sección de Prensa, Información y Ediciones, |c 1968 | ||
| 300 | |a 452 p. ; |c 24 cm | ||
| 490 | |a Colección de Ciencias Sociales ; 10 | ||
| 650 | |a Ciències socials |9 33189 | ||
| 650 | |a Sociologia |9 33190 | ||
| 650 | |a Política de la comunicació |9 32156 | ||
| 710 | 2 | |a Instituto de Ciencias Sociales (Barcelona, Catalunya) |9 54508 | |
| 901 | |a Arxiu | ||
| 942 | |n 1 | ||
| 952 | |0 0 |1 0 |4 0 |6 C1272 |7 1 |9 46225 |a Arxiu |b Arxiu |d 2016-12-01 |l 0 |o C-1-272 |p 2272 |r 2016-12-01 00:00:00 |w 2016-12-01 |y ARXIU | ||
| 999 | |c 49727 |d 49727 | ||